| 000 | 01021cam a2200241 4500 | ||
|---|---|---|---|
| 008 | 040618n2004 000 0 eng u | ||
| 035 | _a(Sirsi) u126516 | ||
| 100 | _aLindsay, N. | ||
| 245 | _aEconomies of scale | ||
| 260 | _c2004 | ||
| 490 |
_aRegeneration and Renewal _v11 June 2004, 20-21(2) |
||
| 520 | _aComments on the effect that large-scale retail development has on small businesses and neighbouring communities. Draws on recent experience in Birmingham following the Bullring shopping development, and in Manchester and Blaenavon. Warns developers in Liverpool that they need to take on board the needs of local communities and independent traders when drawing up plans for redeveloping the city centre. | ||
| 590 | _aABS | ||
| 650 | _aRETAIL DEVELOPMENT | ||
| 650 | _aSMALL SHOPS | ||
| 650 | _aCITY CENTRES | ||
| 650 | _aBIRMINGHAM | ||
| 650 | _aLIVERPOOL | ||
| 650 | _aMANCHESTER | ||
| 650 | _aOUT OF TOWN DEVELOPMENT | ||
| 690 | _aPROPERTY-COMMERCIAL PROPERTY-RETAIL PROPERTY | ||
| 942 | _n0 | ||
| 999 |
_c74428 _d74428 |
||